| 000 | 00716nam a22002057a 4500 | ||
|---|---|---|---|
| 999 |
_c10634 _d10634 |
||
| 003 | AR-CdUCM | ||
| 008 | 190401b ||||| |||| 00| 0 spa d | ||
| 040 |
_aMUNICIPALIDAD PROVINCIAL DEL CUSCO _cBIBLIOTECA MUNICIPAL DEL CUSCO |
||
| 082 |
_a345.7302 / _bC78 / 1907 |
||
| 110 |
_aPublicación oficial _927600 |
||
| 245 |
_aAnales judiciales del Perú : _b1873-1874-1875 / |
||
| 260 |
_aLima : _bLa opinión nacional, _c1907. |
||
| 300 |
_a456 paginas ; _c24 cm. |
||
| 505 | _aContenido : Albacea -- Arrendamiento -- Amparo -- Aviso de de despedida -- Alimentación del insano ... | ||
| 650 |
_aAnales _927533 |
||
| 650 |
_aJudiciales _911436 |
||
| 650 |
_aPerú _92178 |
||
| 942 |
_2ddc _cLIBROS |
||
| 945 | _arah | ||